000 00944nam a2200325 a 4500
001 000115566
003 CHAP
005 20220329144539.0
008 190607s2018 mx |r| ||||||spa d
010 _a112027
011 _a112999
020 _a9786071205209
040 _cCHAP
082 0 4 _a330.12
_bV71
100 0 0 _aVillanueva Manzo, Jesús.
_9119500
245 1 0 _aCapitalismo y microcuencas /
_cpor Jesús Villanueva Manzo.
260 _aChapingo, Méx. :
_bUACH.,
_c2018.
300 _a253 P.
590 _aBATCH-UPD
_b05
_c20190607
_lUCH01
_h1242
590 _aE11695DGD
_b10
_c20190616
_lUCH01
_h1426
590 _aE5765TAJ
_b05
_c20190607
_lUCH01
_h1008
590 _aE5765TAJ
_b05
_c20190607
_lUCH01
_h1241
650 1 4 _aCapitalismo.
_918711
650 1 4 _aCuencas hidrológicas
_xMéxico.
_930093
650 1 4 _aEconomía.
_935226
650 1 4 _aEmpresarios industriales.
_9135978
901 _aBK
942 _cLIBRO
942 _n0
999 _c112027
_d112027